| 000 | 00954cam a2200241 4500 | ||
|---|---|---|---|
| 001 | WB3806-30 | ||
| 008 | 020212n2002 000 0 eng u | ||
| 035 | _a(Sirsi) u116687 | ||
| 245 | _aRenewal 'kite mark' | ||
| 260 | _c2002 | ||
| 490 |
_aRegeneration and Renewal _v8 February 2002, 1(1) |
||
| 520 | _aThe Prince of Wales plans to award 'kite marks' for projects that reflect best practice in urban regeneration. The Prince announced that the Urban Village Forum will be replaced by the Prince's Foundation Urban Network to develop the accreditation scheme. However, regeneration professionals are concerned that the prince may impose his own views on urban design. | ||
| 590 | _aWB | ||
| 650 | _aURBAN REGENERATION | ||
| 650 | _aKITEMARK | ||
| 650 | _aACCREDITATION | ||
| 650 | _aREGENERATION PROJECTS | ||
| 650 | _aPRINCE'S FOUNDATION | ||
| 650 | _aURBAN DESIGN | ||
| 650 | _aBEST PRACTICE | ||
| 690 | _aREGENERATION | ||
| 942 | _n0 | ||
| 999 |
_c69494 _d69494 |
||